000 00465pab a2200181 454500
008 180718b2013 xxu||||| |||| 00| 0 eng d
100 _aRogerson, Richard
245 _aNonconvexities, retirement and the elasticity of labor supply
260 _c2013
300 _ap.1445-1462.
362 _aJun
650 _aRetirement
650 _aLabour supply
700 _aWallenius, Johanna
773 _aAmerican Economic Review
908 _aN
909 _a100596
999 _c100595
_d100595